000 00723nam a2200121Ia 4500
008 220620s9999||||xx |||||||||||||| ||und||
100 _aFleischmann, Larissa
245 0 _aContested Solidarity
_bPractices of Refugee Support between Humanitarian Help and Political Activism
546 _aEnglish[eng]
650 _aRefugees||Solidarity||Volunteering||Humanitarianism||Political Activism||Fleeing||Civil Society||Politics||Refugee Studies||Migration||Migration Policy||Social Movements
856 _uhttps://library.oapen.org/bitstream/20.500.12657/47134/1/ts5437_1.pdf||https://library.oapen.org/bitstream/20.500.12657/47134/4/ts5437_1.pdf||https://library.oapen.org/bitstream/20.500.12657/47134/4/ts5437_1.pdf
942 _cEB
999 _c31334
_d31334